Datum a čas kvízu
21
Celkem bodů
Celkový počet nahraných bodů na tomto kvízu bez doplňovacích otázek.
8.
Pořadí na kvízu
Konečné umístění týmu na tomto kvízu.
Zaznamenané odpovědi
| # | Otázka | Odpověď | Body | Výsledky |
|---|---|---|---|---|
| 1. | Ve čtvrtek byla zveřejněna bud... | v Ostravě | 0 | |
| 2. | Více než 1 400 delfínů padlo v... | Na Faerských ostrovech. | 0 | |
| 3. | Vzácný artefakt pocházející z... | lodní zvon | 0 | |
| 4. | Minulý týden byl oznámen defin... | Orlen | 0 | |
| 5. | V uplynulém týdnu odstartovaly... | Sparta, Slavia, Jablonec | 0 | |
| 6. | Před několika týdny jsme si bl... | Valencie | 0 | |
| 7. | V Madridu, ale i ve zbytku Špa... | patatas bravas/papas bravas | 0 | |
| 8. | Název jistého španělského alko... | sangria | 0 | |
| 9. | Název tradiční španělské sušen... | jamón | 1 | |
| 10. | Název této tradiční španělské... | turrón/torrone | 0 |